000 01040nam a2200253Ia 4500
003 OSt
005 20220930094930.0
006 a|||||r|||| 00| 0
007 ta
008 220926b |||||||| |||| 00| 0 hin d
024 _a55566
037 _cTheses
040 _aCRL
_cCRL
_bhin
041 _2hin
_ahin
100 _aठाकुर, स्वाती, ले.
110 _aदिल्ली विश्वविद्यालय. कला संकाय. हिंदी विभाग
_9556799
245 0 _aहिन्दी साहित्यानुवाद का इतिहास (सन् 1850 से 1920 ई. तक)।
246 _aHindī sāhityānuvād kā itihās (san 1850 se 1920 ī. Taka)।
260 _c2016
300 _a255 पृ.
_ap.
_ccm.
700 _aदिल्ली विश्वविद्यालय. कला संकाय. हिंदी विभाग
_9556800
942 _cDIS
_2CC
999 _c887987
_d887987